00480 2200193 4500001002100000005001500021008004100036020001800077035001900095041000700114082000800121090001200129100001700141245001800158260004100176300002900217500001200246650002800258INLIS00000000000321320241224112700241224||||||||| | ||| |||| || |  a979-20-1644-9 0010-1224003213 aid0 a925 a925 LOU0 aANIMIK WORLD00aLouis Pasteur aJakartabElex Media Komputindoc2009 a116 hlm. : ilus. ; 21 cm aCet. 21 0aIlmu Sejarah & Biografi